000 01293nam a22003257a 4500
003 CHAP
005 20220329134917.0
008 971013s1948 r 00010 d
010 _a27929
011 _a28901
035 _a33012
040 _cCHAP
082 _a634.922
_bK58
100 0 0 _aKittredge, Joseph.
_963394
245 _aForest influences ; the effects of woody vegetation on climate, water and soil, water and soil, with applications to the conservation of water and the control of floods and erosion
260 _aNew York :
_bMcGraw-Hill,
_c1948
300 _a394 p.
_b: ilus.
590 _aBATCH-UPD
_b10
_c20130110
_lUCH01
_h0257
590 _aBATCH-UPD
_b10
_c20130110
_lUCH01
_h2257
590 _aCONVERSION
_b10
_c20130109
_lUCH01
_h1316
650 1 4 _aBosques
_xInfluencias.
_914237
901 _aBK
942 _cLIBRO
949 _a634.922 K58
_bBC
_cLIBRO
_d-76789
_eLIBRO
_h23530
_i33012
_si
949 _a634.922 K58
_bBC
_cLIBRO
_d-76790
_eLIBRO
_fc.2
_h23531
_i33012
_si
949 _a634.922 K58
_bBC
_cLIBRO
_d-76791
_eLIBRO
_fc.3
_h23532
_i33012
_si
949 _a634.922 K58
_bBC
_cLIBRO
_d-76793
_eLIBRO
_fc.4
_h23533
_i33012
_si
949 _a634.922 K58
_bBC
_cLIBRO
_d-76795
_eLIBRO
_fc.5
_h23534
_i33012
_si
949 _a634.922 K58
_bBC
_cLIBRO
_d33724000233680
_eLIBRO
_fc.6
_h29571
_i33012
_si
999 _c27929
_d27929